[Event "George Trundle Masters"]
[Site "Auckland"]
[Date "2018.07.14"]
[Round "8"]
[White "Wohl, Aleksandar H"]
[Black "Ang, Alphaeus Wei Ern"]
[Result "1/2-1/2"]
[WhiteElo "2335"]
[BlackElo "2204"]
[PlyCount "65"]
[EventDate "2018.07.07"]
[EventType "tourn"]
[EventRounds "9"]
[EventCountry "NZL"]
[EventCategory "2"]
[SourceTitle "EXT 2019"]
[Source "ChessBase"]
[SourceDate "2018.10.10"]
[SourceVersion "1"]
[SourceVersionDate "2018.10.10"]
[SourceQuality "1"]

1. e4 g6 2. d4 Bg7 3. Nc3 d6 4. Bg5 Nf6 5. Qd2 a6 6. 0-0-0 b5 7. Bd3 Bb7 8. f3 Nc6 9. Nge2 Nb4 10. Bh6 Nxd3+ 11. cxd3 Bxh6 12. Qxh6 Qd7 13. Rd2 0-0-0 14. Kb1 Kb8 15. Rc1 Rc8 16. Nd1 e6 17. Rdc2 Qe7 18. Qh4 h5 19. Ne3 Nd5 20. Qf2 Nb6 21. Qe1 h4 22. Qa5 f5 23. d5 exd5 24. Nd4 dxe4 25. dxe4 fxe4 26. f4 Qf7 27. a4 Nxa4 28. Nc6+ Bxc6 29. Rxc6 Qb3 30. Nd1 Qd3+ 31. Ka2 Nc5 32. R1xc5 dxc5 33. Rb6+ 1/2-1/2

[Event "Gold Coast op"]
[Site "Gold Coast"]
[Date "2018.07.02"]
[Round "8"]
[White "Khamatgaleev, Alexej"]
[Black "Wohl, Aleksandar H"]
[Result "1-0"]
[WhiteElo "2386"]
[BlackElo "2335"]
[PlyCount "61"]
[EventDate "2018.06.28"]
[EventType "swiss"]
[EventRounds "9"]
[EventCountry "AUS"]
[SourceTitle "CBM 185 Extra"]
[Source "ChessBase"]
[SourceDate "2018.07.29"]
[SourceVersion "1"]
[SourceVersionDate "2018.07.29"]
[SourceQuality "1"]

1. e4 c5 2. Nf3 g6 3. c3 Bg7 4. d4 cxd4 5. cxd4 d5 6. e5 Nh6 7. Nc3 0-0 8. h3 Nc6 9. Bb5 f6 10. exf6 exf6 11. 0-0 g5 12. Qb3 Be6 13. Na4 Na5 14. Qd1 b6 15. b3 Rc8 16. Ba3 Rf7 17. Re1 Bd7 18. Ba6 Rc6 19. Qd2 Nf5 20. Nc3 Bc8 21. Bb5 Re6 22. Rxe6 Bxe6 23. Re1 Bd7 24. Bd3 Ne7 25. Bxe7 Rxe7 26. Rxe7 Qxe7 27. Nxd5 Qd6 28. Ne3 Nc6 29. Nf5 Qb4 30. Qe3 Qa5 31. Bc4+ 1-0

[Event "Bhopal op"]
[Site "Bhopal"]
[Date "2017.12.27"]
[Round "9"]
[White "Wohl, Aleksandar H"]
[Black "Patil, Pratik"]
[Result "0-1"]
[WhiteElo "2370"]
[BlackElo "2199"]
[PlyCount "84"]
[EventDate "2017.12.21"]
[EventType "swiss"]
[EventRounds "10"]
[EventCountry "IND"]
[SourceTitle "CBM 182 Extra"]
[Source "ChessBase"]
[SourceDate "2018.02.23"]
[SourceVersion "1"]
[SourceVersionDate "2018.02.23"]
[SourceQuality "1"]

1. e4 c5 2. Nf3 e6 3. d4 cxd4 4. Bg5 Qa5+ 5. c3 Nc6 6. b4 Qc7 7. b5 h6 8. Bd2 Ne5 9. cxd4 Nc4 10. Qc2 d5 11. Ne5 Bd7 12. Nxc4 Rc8 13. Nc3 dxc4 14. Be2 Nf6 15. 0-0 Be7 16. a4 0-0 17. f4 Rfd8 18. Bf3 Be8 19. Be3 Bb4 20. g4 a6 21. g5 hxg5 22. fxg5 Nh7 23. e5 Bxc3 24. Qxc3 axb5 25. axb5 Bxb5 26. g6 fxg6 27. Bg4 Qe7 28. Bc1 Bc6 29. Ba3 Qg5 30. Qg3 Bd5 31. h4 Qd2 32. Rad1 Qc2 33. Bh3 Qb3 34. Qxb3 cxb3 35. Rf2 Rc2 36. Bf1 Ra8 37. Bd6 Be4 38. Bg2 Rxf2 39. Bxe4 Rf4 40. Bxb7 Ra7 41. Bc8 b2 42. Bxe6+ Kh8 0-1

[Event "Bhopal op"]
[Site "Bhopal"]
[Date "2017.12.22"]
[Round "3"]
[White "Wohl, Aleksandar H"]
[Black "Surendran, N."]
[Result "1-0"]
[WhiteElo "2370"]
[BlackElo "2102"]
[PlyCount "141"]
[EventDate "2017.12.21"]
[EventType "swiss"]
[EventRounds "10"]
[EventCountry "IND"]
[SourceTitle "CBM 182 Extra"]
[Source "ChessBase"]
[SourceDate "2018.02.23"]
[SourceVersion "1"]
[SourceVersionDate "2018.02.23"]
[SourceQuality "1"]

1. e4 c5 2. Nf3 d6 3. Bd3 Nf6 4. 0-0 g6 5. c3 Bg7 6. Bc2 0-0 7. d4 d5 8. e5 Ne4 9. dxc5 Nxc5 10. Qd4 Ncd7 11. Bf4 Nc6 12. Qe3 Qb6 13. Qxb6 Nxb6 14. Re1 Bg4 15. Nbd2 Rfc8 16. Rac1 Bd7 17. Be3 Rc7 18. Bb3 e6 19. c4 Nxc4 20. Nxc4 dxc4 21. Rxc4 Rcc8 22. Bd2 Be8 23. Rec1 Rd8 24. Bg5 Rd3 25. Bc2 Rxf3 26. gxf3 Nxe5 27. Rc3 Nc6 28. Rd3 Bxb2 29. Rb1 Bg7 30. Rxb7 h6 31. Bf4 Nd4 32. Bd1 e5 33. Bd2 Bc6 34. Rc7 Bd5 35. Bb3 Bxb3 36. axb3 a5 37. Kg2 Rb8 38. Bxa5 Ne6 39. Rc4 Nf4+ 40. Rxf4 exf4 41. Bc7 Rc8 42. Bxf4 Rc2 43. Be3 Rb2 44. Bc5 Be5 45. h3 Kg7 46. f4 Bf6 47. Kf3 Rc2 48. b4 Rc4 49. Rb3 Bd8 50. Be3 Bc7 51. b5 Bb8 52. b6 Kf6 53. Ke2 Ke6 54. Kd3 Rc6 55. Rb4 Kd7 56. f5 gxf5 57. Rb5 f4 58. Bd4 Rc1 59. Rh5 Rc6 60. Rf5 Ke7 61. Ra5 Kd7 62. Ke4 Re6+ 63. Kd3 Rc6 64. Ra8 Kc8 65. Be5 Rxb6 66. Bxf4 Rb4 67. Rxb8+ Rxb8 68. Bxb8 Kxb8 69. Kd4 Kc7 70. Ke5 Kd7 71. Kf6 1-0

[Event "Hourtin Vins du Medoc op 2nd"]
[Site "Hourtin"]
[Date "2016.07.09"]
[Round "9"]
[White "Lagunes, Jean Renaud"]
[Black "Wohl, Aleksandar H"]
[Result "0-1"]
[WhiteElo "2009"]
[BlackElo "2354"]
[PlyCount "56"]
[EventDate "2016.07.02"]
[EventType "swiss"]
[EventRounds "9"]
[EventCountry "FRA"]
[SourceTitle "EXT 2019"]
[Source "ChessBase"]
[SourceDate "2018.10.10"]
[SourceVersion "1"]
[SourceVersionDate "2018.10.10"]
[SourceQuality "1"]

1. e4 e5 2. Nf3 Nc6 3. Bb5 Nge7 4. 0-0 g6 5. c3 a6 6. Ba4 Bg7 7. Qe2 0-0 8. Rd1 d6 9. h3 d5 10. d3 h6 11. Nbd2 b5 12. Bb3 Bb7 13. a3 Kh7 14. g4 f5 15. gxf5 gxf5 16. Ng5+ hxg5 17. exd5 Nxd5 18. Qh5+ Bh6 19. Nf3 Nf4 20. Bxf4 gxf4 21. h4 Qf6 22. Ng5+ Kh8 23. Kh2 Ne7 24. Rg1 Bc6 25. Nf7+ Rxf7 26. Bxf7 Kh7 27. Rg5 Rf8 28. Rag1 Rxf7 0-1

[Event "Hourtin Vins du Medoc op 2nd"]
[Site "Hourtin"]
[Date "2016.07.08"]
[Round "8"]
[White "Wohl, Aleksandar H"]
[Black "Grelier, Gilles"]
[Result "1-0"]
[WhiteElo "2354"]
[BlackElo "1802"]
[PlyCount "71"]
[EventDate "2016.07.02"]
[EventType "swiss"]
[EventRounds "9"]
[EventCountry "FRA"]
[SourceTitle "EXT 2019"]
[Source "ChessBase"]
[SourceDate "2018.10.10"]
[SourceVersion "1"]
[SourceVersionDate "2018.10.10"]
[SourceQuality "1"]

1. e4 c5 2. Nf3 e6 3. b3 d6 4. Bb2 Nf6 5. e5 Nd5 6. c4 Nb6 7. exd6 Qxd6 8. Nc3 Nc6 9. Be2 f6 10. Nb5 Qd8 11. d4 cxd4 12. Nfxd4 Bb4+ 13. Kf1 Nxd4 14. Qxd4 0-0 15. Rd1 Qxd4 16. Bxd4 Rd8 17. f4 Bd7 18. Nxa7 Nc8 19. Nxc8 Bxc8 20. a4 Ra5 21. Bb6 Rxd1+ 22. Bxd1 Rf5 23. g3 e5 24. Bg4 Rxf4+ 25. gxf4 Bxg4 26. fxe5 fxe5 27. Kf2 Bf5 28. Ke3 Be7 29. Kd2 Bb4+ 30. Kc1 Ba3+ 31. Kd1 Bg4+ 32. Kc2 Bb4 33. Bc7 Bf5+ 34. Kb2 e4 35. Bb6 Bd2 36. Bd4 1-0

[Event "Hourtin Vins du Medoc op 2nd"]
[Site "Hourtin"]
[Date "2016.07.04"]
[Round "3"]
[White "Wohl, Aleksandar H"]
[Black "Velten, Paul"]
[Result "1-0"]
[WhiteElo "2354"]
[BlackElo "2496"]
[PlyCount "69"]
[EventDate "2016.07.02"]
[EventType "swiss"]
[EventRounds "9"]
[EventCountry "FRA"]
[SourceTitle "EXT 2019"]
[Source "ChessBase"]
[SourceDate "2018.10.10"]
[SourceVersion "1"]
[SourceVersionDate "2018.10.10"]
[SourceQuality "1"]

1. b3 e5 2. Bb2 Nc6 3. e3 d6 4. d4 exd4 5. exd4 d5 6. Nf3 g6 7. Be2 Bg7 8. 0-0 Nge7 9. Nbd2 0-0 10. Re1 Nf5 11. Nf1 Re8 12. c3 Nd6 13. Ne3 Ne7 14. c4 Ndf5 15. Nxd5 Nxd5 16. cxd5 Qxd5 17. Bc4 Rxe1+ 18. Qxe1 Qd8 19. Qe2 Nd6 20. Ne5 Nxc4 21. bxc4 Bf5 22. g4 Bd7 23. Re1 Be8 24. d5 Qg5 25. h3 f6 26. Nf3 Qf4 27. Nd4 Bf7 28. Ne6 Bxe6 29. Qxe6+ Kh8 30. Qf7 h5 31. Qxg6 hxg4 32. hxg4 Rg8 33. Kg2 Rb8 34. Re7 Rg8 35. Rxg7 1-0

[Event "Doeberl Cup 54th"]
[Site "Canberra"]
[Date "2016.03.27"]
[Round "7"]
[White "Wohl, Aleksandar H"]
[Black "Boyd, Tristan"]
[Result "1/2-1/2"]
[WhiteElo "2334"]
[BlackElo "2260"]
[PlyCount "69"]
[EventDate "2016.03.24"]
[EventType "swiss"]
[EventRounds "9"]
[EventCountry "AUS"]
[SourceTitle "CBM 171 Extra"]
[Source "ChessBase"]
[SourceDate "2016.04.26"]
[SourceVersion "1"]
[SourceVersionDate "2016.04.26"]
[SourceQuality "1"]

1. b3 Nf6 2. Bb2 e6 3. f4 b6 4. Nf3 Bb7 5. e3 c5 6. Be2 Nc6 7. 0-0 d5 8. Ne5 Qc7 9. Qe1 0-0-0 10. a4 a6 11. Na3 Ne4 12. Nxc6 Qxc6 13. Bf3 f5 14. d3 Nd6 15. c4 Rg8 16. a5 Kb8 17. axb6 Qxb6 18. Bc3 Rd7 19. Ba5 Qc6 20. b4 cxb4 21. Nc2 Qc8 22. Nxb4 dxc4 23. Qb1 Nb5 24. dxc4 Bxf3 25. cxb5 Be4 26. Qb3 Bxb4 27. Qxb4 Qc2 28. Rf2 Rd1+ 29. Rxd1 Qxd1+ 30. Rf1 Qd3 31. bxa6+ Ka8 32. Qc3 Qe2 33. Qd2 Qxd2 34. Bxd2 Rc8 35. Rc1 1/2-1/2

[Event "Leiden op-A 8th"]
[Site "Leiden"]
[Date "2014.07.19"]
[Round "8"]
[White "Wohl, Aleksandar H"]
[Black "Nikolic, Predrag"]
[Result "0-1"]
[WhiteElo "2339"]
[BlackElo "2605"]
[PlyCount "96"]
[EventDate "2014.07.11"]
[EventType "swiss"]
[EventRounds "9"]
[EventCountry "NED"]
[SourceTitle "CBM 161 Extra"]
[Source "ChessBase"]
[SourceDate "2014.08.29"]
[SourceVersion "1"]
[SourceVersionDate "2014.08.29"]
[SourceQuality "1"]

1. g3 d5 2. Bg2 g6 3. Nf3 Bg7 4. 0-0 e5 5. d3 Ne7 6. c4 d4 7. b4 0-0 8. Bb2 a5 9. b5 c5 10. bxc6 Nexc6 11. Na3 Na6 12. Nb5 Re8 13. Rb1 Bf5 14. Nd2 Qd7 15. Ne4 Bh3 16. Bxh3 Qxh3 17. e3 Qd7 18. exd4 exd4 19. Bc1 f5 20. Ng5 h6 21. Nf3 Nc5 22. Bf4 g5 23. Bd6 b6 24. Bc7 Ra6 25. Rb2 Rc8 26. Bd6 Nb7 27. Ba3 Nc5 28. Re1 Raa8 29. Rbe2 Rf8 30. Bxc5 bxc5 31. Re6 Rf6 32. Rxf6 Bxf6 33. Qe2 Kf7 34. a3 a4 35. h3 Rg8 36. Nh2 Be5 37. Qf3 Bb8 38. Ng4 Rg6 39. Qd5+ Qxd5 40. cxd5 fxg4 41. dxc6 Rxc6 42. hxg4 Rb6 43. Rb1 Ke7 44. Kf1 Kd7 45. Ke2 Kc6 46. Nxd4+ cxd4 47. Rc1+ Kb5 48. Rc4 Bd6 0-1

[Event "Leiden op-A 8th"]
[Site "Leiden"]
[Date "2014.07.14"]
[Round "4"]
[White "Wohl, Aleksandar H"]
[Black "Horvath, Csaba"]
[Result "1/2-1/2"]
[WhiteElo "2339"]
[BlackElo "2542"]
[PlyCount "26"]
[EventDate "2014.07.11"]
[EventType "swiss"]
[EventRounds "9"]
[EventCountry "NED"]
[SourceTitle "CBM 161 Extra"]
[Source "ChessBase"]
[SourceDate "2014.08.29"]
[SourceVersion "1"]
[SourceVersionDate "2014.08.29"]
[SourceQuality "1"]

1. b3 e5 2. Bb2 Nc6 3. e3 d6 4. c4 g6 5. Ne2 Bg7 6. Nbc3 Nge7 7. a3 Be6 8. g3 Qd7 9. h3 d5 10. cxd5 Nxd5 11. Ne4 Qe7 12. Rc1 Rd8 13. Bg2 0-0 1/2-1/2

[Event "Naujac op 17th"]
[Site "Naujac"]
[Date "2014.07.06"]
[Round "9"]
[White "Van Delft, Merijn"]
[Black "Wohl, Aleksandar H"]
[Result "1/2-1/2"]
[WhiteElo "2418"]
[BlackElo "2339"]
[PlyCount "21"]
[EventDate "2014.06.29"]
[EventType "swiss"]
[EventRounds "9"]
[EventCountry "FRA"]
[SourceTitle "CBM 161 Extra"]
[Source "ChessBase"]
[SourceDate "2014.08.29"]
[SourceVersion "1"]
[SourceVersionDate "2014.08.29"]
[SourceQuality "1"]

1. Nf3 Nc6 2. c4 e5 3. Nc3 g6 4. g3 Bg7 5. Bg2 d6 6. d3 h6 7. 0-0 f5 8. Nd5 g5 9. e3 Nf6 10. Nd2 0-0 11. f4 1/2-1/2